000 00377nam a2200157Ia 4500
008 230917s9999||||xx |||||||||||||| ||und||
040 _e77758
_aMAIN
041 _aEnglish
082 _a340.1 P274T
100 _aWhitecross, George
245 0 _aTextbook of jurisprudence
250 _a4th ed.
260 _aOxford
_bClarendon
_c1972
300 _axvii, 659 p.
942 _cBK
999 _c35624
_d35624